000 00338nam a2200145Ia 4500
008 240624s9999 xx 000 0 und d
041 _aeng
082 _a302.35 POT
100 _aPOTTER W JAMES
245 _aMEDIA LITERACY
250 _a(7th ed.)
260 _c2014
_aNew Delhi
_bSage
300 _axxi, 452 p.; 23 cm.
365 _c
_b38
999 _c30589
_d30589